01480nam a2200313 4500003000900000005001700009008004100026040004600067041000800113082002700121092000700148099003500155100005600190245020300246264005400449300007700503336002200580337002400602338003300626504006100659546009600720650006100816651001000877856005700887905000700944942001900951999001700970952017900987EG-GICUC20260205235931.0260205s1997 ua ||||fr|||| 00| 0 ara d a EG-GICUCbarac EG-GICUCd EG-GICUCerda0 aara04221a341.84bع ن . ا04221 aLaw1 12 341.84 ع ن . ا 19970 aعنايت عبدالحميد ثابتeمؤلف.10aأساليب فض تنازع القوانين ذي الطابع الدولي في القانون الوضعي المقارن:bتحليل و تأصيل / cعنايت عبدالحميد ثابت aدون مكان نشر:bدون ناشر،c1997. a93؛ صفحةc24 سمbإيضاحيات، صور، مثيليات ؛  2rda contentatext 2rda mediaaComputer 2rda carrieraOnline Resource aيحتوي على ارجاعات ببليوجرافية  aالنص أغلبه باللغة العربية مع بعض النصوص الفرنسية1 aتنازع القوانينx قانون دولي2qrmak1 2qrmak40uhttps://fll.law.cu.edu.eg/fulltext/bks/B12-01724.pdf a15 2ddcn0cBKe21 c61393d61393 00102ddc40718القانون الدولي الخاصaCUbLAW1d2026-02-06l0oLaw1 12 341.84 ع ن . ا 1997 1201724 C1pB12-01724r2026-02-06 00:00:45t1w2026-02-06yBK